ˆ[‰Издания]. 13: Стандартные типы подвесных изоляторов, их освоение производством, методы испытания и выборы (Запись № 13606258)

Подробности
000 -МАРКЕР
контрольное поле 01280nam2a2200253 4500
001 - ИДЕНТИФИКАТОР ЗАПИСИ
контрольное поле rc\2965460
005 - ИДЕНТИФИКАТОР ВЕРСИИ
контрольное поле 20260315061322.0
035 ## - ДРУГИЕ СИСТЕМНЫЕ НОМЕРА
Идентификатор записи (NLR Aleph) 007111890
100 ## - ДАННЫЕ ОБЩЕЙ ОБРАБОТКИ
Данные общей обработки 20110905d1934 u y0rusy50 ca
101 0# - ЯЗЫК РЕСУРСА
Язык текста, звукозаписи и т.д. русский
102 ## - СТРАНА ПУБЛИКАЦИИ ИЛИ ПРОИЗВОДСТВА
Страна публикации Российская Федерация
105 ## - ПОЛЕ КОДИРОВАННЫХ ДАННЫХ: ТЕКСТОВЫЕ МАТЕРИАЛЫ, МОНОГРАФИЧЕСКИЕ
Кодированные данные о монографическом текстовом документе y z |||||
200 1# - ЗАГЛАВИЕ И СВЕДЕНИЯ ОБ ОТВЕТСТВЕННОСТИ
Основное заглавие Стандартные типы подвесных изоляторов, их освоение производством, методы испытания и выборы
210 ## - ПУБЛИКАЦИЯ, РАСПРОСТРАНЕНИЕ И ДР.
Дата издания, распространения и т.д. [1934]
461 #0 - УРОВЕНЬ НАБОРА
Встроенное поле 001rc\2965442
-- 2001#$aˆ[‰Издания]$e1-$fСССР. НИС. НКТП. Всесоюз. электротехн. ассоциация$v13
Системный номер (АБИС) связанной записи 6776356
Автор Всесоюзная электротехническая ассоциация
Место публикации [Ленинград]
Дата публикации [1934]
Первые сведения об ответственности СССР. НИС. НКТП. Всесоюз. электротехн. ассоциация
Имя издателя, распространителя и т.д. Б. и.
Сведения, относящиеся к заглавию 1-
Заглавие ˆ[‰Издания]
Номер тома 13
700 #1 - ИМЯ ЛИЦА - ПЕРВИЧНАЯ ОТВЕТСТВЕННОСТЬ
Код отношения Автор
Графика поля Кириллица
Материалы, к которым относится поле rus
Начальный элемент ввода Ефимов
Часть имени, кроме начального элемента ввода А. В.
Дополнения к именам, кроме дат инженер, подвесные изоляторы
Расширение инициалов личного имени Александр Владимирович
Системный номер авторитетной/нормативной записи 262543
Идентификатор авторитетной/нормативной записи RU\NLR\AUTH\770262599
701 #1 - ИМЯ ЛИЦА - АЛЬТЕРНАТИВНАЯ ОТВЕТСТВЕННОСТЬ
Начальный элемент ввода Харизоменов
Часть имени, кроме начального элемента ввода О.В.
801 #0 - ИСТОЧНИК ЗАПИСИ
Страна Российская Федерация
Организация NLR
Правила каталогизации psbo
801 #1 - ИСТОЧНИК ЗАПИСИ
Страна Российская Федерация
Организация ELAR
Источник данных rusmarc
852 ## - МЕСТОНАХОЖДЕНИЕ И ШИФР ХРАНЕНИЯ
Идентификатор организации NLR
Шифр хранения (Call Number) 34-20/73
942 ## - ДОПОЛНИТЕЛЬНЫЕ ЭЛЕМЕНТЫ ЗАПИСИ (АБИС)
Тип экземпляра АБИС Неопределено
980 ## - КОЛЛЕКЦИЯ
Название коллекции Национальная библиография

Нет доступных экземпляров.